=LDR 00000nam 2200000 4500 =001 INLIS000000000004876 =005 20250922105624 =035 ##$$a 0010-0925000173 =007 ta =008 250922###########################0#ind## =082 ##$$a 297.912 =084 ##$$a 297.912 SYA b =100 #$$a Syaikh Salim bin Ied al Hilali =245 1#$$a Buku Kisah Shahih Para Nabi / Jilid 3 /$c Syaikh Salim bin Ied al Hilali =260 ##$$a Jakarta :$b Pustaka Imam Asy-syafi'i,$c 2010 =300 ##$$a 554 hlm : $b ilus ; $c 24 cm =856 ##$$a Perpustakaan KEMENDUKBANGGA/BKKBN =990 ##$$a B-2010-00122